| 000 | 00758nam a2200277Ia 4500 | ||
|---|---|---|---|
| 003 | OSt | ||
| 005 | 20221007111853.0 | ||
| 006 | a|||||r|||| 00| 0 | ||
| 007 | ta | ||
| 008 | 221006b |||||||| |||| 00| 0 eng d | ||
| 020 | _a8131101150 | ||
| 024 | _a24,458 | ||
| 037 | _cTextual | ||
| 040 |
_aLCO _cLCO _beng |
||
| 041 |
_2eng _aeng |
||
| 082 | _aZ2,267, P8 | ||
| 100 | _aSamuel T.M. | ||
| 245 | 0 | _aComputer Crime and Information Technology Misuse | |
| 260 |
_aDelhi _bCommonwealth India _c2008 |
||
| 300 | _a268 | ||
| 650 |
_a INFORMATION TECHNOLOGY MISUSE _9708571 |
||
| 650 |
_aCOMPUTER CRIME _9708572 |
||
| 700 | _a Samuel Maria | ||
| 942 |
_hZ2,267, P8 _cTEXL |
||
| 999 |
_c1194021 _d1194021 |
||